[Event "26. Erfurter Schachfestival 2016 - MT"]
[Site "Erfurt"]
[Date "2016.12.29"]
[Round "7.15"]
[White "Schmitzer, Klaus"]
[Black "Lopez-Rojas, Jeffrey"]
[Result "1-0"]
[WhiteElo "2296"]
[BlackElo "2181"]
[PlyCount "73"]
[EventDate "2016.12.26"]
[EventCountry "GER"]

1. e4 c5 2. Nf3 a6 3. Nc3 e6 4. d4 cxd4 5. Nxd4 Qc7 6. Bd3 Nf6 7. O-O b5 8. a3
Bb7 9. Kh1 h5 10. Qe2 Bc5 11. Nb3 Ng4 12. f4 Bb6 13. a4 b4 14. Nd1 Nc6 15. Bd2
Nf6 16. c4 d6 17. e5 Ng4 18. Rc1 Nd4 19. Nxd4 Bxd4 20. Bxb4 dxe5 21. c5 exf4
22. c6 Rb8 23. cxb7 Qxc1 24. Bxa6 Kd7 25. h3 e5 26. Qe4 Ke6 27. b3 Kf6 28. Bc4
g6 29. Qd5 Nh6 30. Bd6 Rhd8 31. Qc6 Nf5 32. Bxb8+ Kg5 33. Kh2 Ng3 34. Re1 Bc3
35. Bxf7 Qc2 36. Nxc3 Rd2 37. Bxe5 1-0

[Event "26. Erfurter Schachfestival 2016 - MT"]
[Site "Erfurt"]
[Date "2016.12.30"]
[Round "8.1"]
[White "Schmaltz, Roland"]
[Black "Enders, Peter"]
[Result "1/2-1/2"]
[WhiteElo "2487"]
[BlackElo "2446"]
[PlyCount "36"]
[EventDate "2016.12.26"]
[EventCountry "GER"]

1. e4 e6 2. d4 d5 3. Nc3 Bb4 4. e5 c5 5. a3 Bxc3+ 6. bxc3 Nc6 7. Qg4 g6 8. Nf3
Qa5 9. Bd2 Qa4 10. Ra2 c4 11. Nh4 Bd7 12. g3 O-O-O 13. Bh3 f5 14. Qd1 Nge7 15.
Ng2 h6 16. Nf4 Rdg8 17. Bg2 Nd8 18. h4 Be8 1/2-1/2

[Event "26. Erfurter Schachfestival 2016 - MT"]
[Site "Erfurt"]
[Date "2016.12.30"]
[Round "8.2"]
[White "Carlstedt, Jonathan"]
[Black "Schöne, Maria"]
[Result "1-0"]
[WhiteElo "2412"]
[BlackElo "2278"]
[PlyCount "81"]
[EventDate "2016.12.26"]
[EventCountry "GER"]

1. d4 Nf6 2. c4 g6 3. Nc3 Bg7 4. g3 d6 5. Bg2 O-O 6. Nf3 Nc6 7. O-O a6 8. Qd3
Bd7 9. d5 Nb4 10. Qd1 a5 11. a3 Na6 12. Be3 Qc8 13. Re1 Bh3 14. Bh1 h5 15. Bd4
Nc5 16. e4 Bg4 17. Qc2 Nfd7 18. Bxg7 Kxg7 19. b4 axb4 20. axb4 Rxa1 21. Rxa1
Na6 22. Qb2 Kg8 23. Nd1 Nb6 24. Ne3 e5 25. c5 Nd7 26. c6 Nf6 27. Ng5 Nh7 28.
Nxh7 Kxh7 29. Bg2 Qb8 30. Bf1 Qd8 31. cxb7 Nb8 32. Qc2 f6 33. Ra8 Kg7 34. Nc4
h4 35. Na5 Bd7 36. Nc6 Bxc6 37. dxc6 f5 38. b5 fxe4 39. Qxe4 Qf6 40. Ra2 hxg3
41. hxg3 1-0

[Event "26. Erfurter Schachfestival 2016 - MT"]
[Site "Erfurt"]
[Date "2016.12.30"]
[Round "8.3"]
[White "Hendriks, Willy"]
[Black "Fries-Nielsen, Jens Ove"]
[Result "0-1"]
[WhiteElo "2396"]
[BlackElo "2333"]
[PlyCount "120"]
[EventDate "2016.12.26"]
[EventCountry "GER"]

1. g3 g6 2. Bg2 Bg7 3. c4 e6 4. d4 Ne7 5. Nf3 d6 6. O-O Nd7 7. Nc3 O-O 8. a4 a5
9. b3 h6 10. Ba3 Nc6 11. Qd2 f5 12. Rac1 Ne7 13. e4 g5 14. exf5 exf5 15. c5 d5
16. c6 bxc6 17. Rfe1 Rf7 18. h4 gxh4 19. Nxh4 Nf6 20. Ne2 Ne4 21. Qe3 Bf6 22.
Nf3 Kh7 23. Ne5 Rg7 24. Nf4 Bg5 25. Bf3 Ng6 26. Nexg6 Rxg6 27. Bh5 Rg7 28. Rxc6
Bd7 29. Rc2 c6 30. Kg2 Rb8 31. Bc1 Qf6 32. Qd3 Rbg8 33. Rh1 Qd6 34. Qf3 Rf8 35.
Rh3 Bc8 36. Be3 Ba6 37. Rc1 Rb8 38. Rch1 Rxb3 39. Be8 Rb2 40. Rh4 Bxh4 41. Rxh4
Rxg3+ 42. Qxg3 Nxg3 43. Kxg3 Rb1 44. Bg6+ Kg7 45. Bxf5 Rg1+ 46. Kf3 Qa3 47.
Ne6+ Kf6 48. Bh3 Qd3 49. Rxh6+ Ke7 50. Nc5 Qe2+ 51. Kf4 Bd3 52. Rxc6 Qh5 53.
Be6 Qh2+ 54. Kf3 Bc2 55. Ke2 Qh5+ 56. Kd2 Qd1+ 57. Kc3 Bg6 58. Rc7+ Kf6 59.
Nd7+ Kxe6 60. Nf8+ Kf6 0-1

[Event "26. Erfurter Schachfestival 2016 - MT"]
[Site "Erfurt"]
[Date "2016.12.30"]
[Round "8.4"]
[White "Pfreundt, Jakob"]
[Black "Lampert, Jonas"]
[Result "1/2-1/2"]
[WhiteElo "2327"]
[BlackElo "2500"]
[PlyCount "54"]
[EventDate "2016.12.26"]
[EventCountry "GER"]

1. e4 e5 2. Nf3 Nc6 3. Bb5 a6 4. Ba4 Nf6 5. O-O Bc5 6. c3 b5 7. Bc2 d5 8. a4
dxe4 9. axb5 exf3 10. Qxf3 e4 11. Bxe4 Ne5 12. Qe2 O-O 13. d4 Bg4 14. Qc2 Nxe4
15. Qxe4 Nf3+ 16. gxf3 Bh3 17. dxc5 Bxf1 18. Kxf1 Qd1+ 19. Qe1 Qxf3 20. Be3
axb5 21. Rxa8 Rxa8 22. Nd2 Qh1+ 23. Ke2 Qxh2 24. Nf3 Qh3 25. Qd1 h6 26. Qd5 Ra1
27. Nd2 Qg4+ 1/2-1/2

[Event "26. Erfurter Schachfestival 2016 - MT"]
[Site "Erfurt"]
[Date "2016.12.30"]
[Round "8.5"]
[White "Zelbel, Patrick"]
[Black "Friedrich, Wiede"]
[Result "1/2-1/2"]
[WhiteElo "2448"]
[BlackElo "2302"]
[PlyCount "81"]
[EventDate "2016.12.26"]
[EventCountry "GER"]

1. e4 e5 2. Nf3 Nc6 3. Bc4 Bc5 4. O-O Nf6 5. d3 d6 6. c3 a6 7. a4 Ba7 8. Na3
Ne7 9. Nc2 O-O 10. Be3 Bb8 11. Re1 Ng6 12. h3 c6 13. Ba2 Re8 14. b4 d5 15. a5
h6 16. Bb6 Bc7 17. Bxc7 Qxc7 18. Nh2 Be6 19. Qf3 Rad8 20. Ne3 dxe4 21. dxe4
Bxa2 22. Rxa2 Qc8 23. Nf5 Nf4 24. Rd1 Rxd1+ 25. Qxd1 Qe6 26. Rd2 Nxe4 27. Rd8
Rxd8 28. Qxd8+ Kh7 29. Ne7 f6 30. Nf3 Qa2 31. Kh2 Nxf2 32. Nh4 Ne4 33. Qe8 Nd6
34. Qd8 Qe6 35. Kg1 e4 36. g3 e3 37. gxf4 e2 38. Qh8+ Kxh8 39. Nhg6+ Kh7 40.
Nf8+ Kh8 41. Nfg6+ 1/2-1/2

[Event "26. Erfurter Schachfestival 2016 - ST"]
[Site "Erfurt"]
[Date "2016.12.26"]
[Round "1.1"]
[White "Hölting, Siegfried"]
[Black "Pähtz, Thomas"]
[Result "0-1"]
[WhiteElo "1910"]
[BlackElo "2365"]
[PlyCount "100"]
[EventDate "2016.12.26"]
[EventCountry "GER"]

1. e4 g6 2. Nf3 Bg7 3. d4 d6 4. h3 Nf6 5. Bd3 Nc6 6. c3 e5 7. O-O O-O 8. Bg5 h6
9. Bxf6 Qxf6 10. d5 Ne7 11. Nbd2 h5 12. Nh2 Bh6 13. Nc4 c6 14. Qf3 Qxf3 15.
Nxf3 cxd5 16. Nxd6 f5 17. Nxc8 Raxc8 18. Nxe5 fxe4 19. Bb5 Bf4 20. Nd7 Rfd8 21.
g3 Bd6 22. c4 a6 23. c5 axb5 24. cxd6 Rxd7 25. dxe7 Kf7 26. Rac1 Rc6 27. Rfe1
Rxe7 28. Rcd1 Re5 29. Rd4 Rc4 30. Red1 Ke6 31. Kf1 Rxd4 32. Rxd4 Kd6 33. Ke2
Re8 34. a3 Rc8 35. Rb4 Rc2+ 36. Ke3 Kc5 37. h4 b6 38. f3 exf3 39. Kxf3 Rc4 40.
Rb3 b4 41. Ke3 bxa3 42. bxa3 b5 43. Kd3 Kb6 44. Kd2 Rd4+ 45. Ke3 Re4+ 46. Kd2
Ka5 47. Kc3 Rc4+ 48. Kd3 Ka4 49. Rb1 Rg4 50. Ke3 Rxg3+ 0-1

[Event "26. Erfurter Schachfestival 2016 - ST"]
[Site "Erfurt"]
[Date "2016.12.26"]
[Round "1.2"]
[White "Weidlich, Günter"]
[Black "Wolf, Mario"]
[Result "1-0"]
[WhiteElo "2219"]
[BlackElo "1906"]
[PlyCount "83"]
[EventDate "2016.12.26"]
[EventCountry "GER"]

1. Nf3 Nf6 2. g3 c5 3. Bg2 Nc6 4. d4 cxd4 5. Nxd4 g6 6. O-O Bg7 7. c4 O-O 8.
Nc3 Qb6 9. Nc2 d6 10. b3 Qc7 11. Bg5 h6 12. Bd2 Be6 13. Rc1 Qd7 14. Re1 Kh7 15.
e4 Ng8 16. Ne3 Ne5 17. Qe2 Bh3 18. Bh1 h5 19. Ned5 Qd8 20. Red1 Bg4 21. f3 Bd7
22. Bg2 Bc6 23. Be3 e6 24. Nf4 Qb8 25. Nd3 b6 26. Qd2 Rd8 27. Nb4 a5 28. Nxc6
Nxc6 29. Nb5 e5 30. Qf2 Ra6 31. Rd2 Nge7 32. f4 Nc8 33. f5 Qb7 34. Rcd1 Qe7 35.
Rf1 f6 36. fxg6+ Kxg6 37. Qf5+ Kf7 38. Qxh5+ Kg8 39. Bh3 Qf7 40. Qxf7+ Kxf7 41.
Bxc8 Rxc8 42. Nxd6+ 1-0

[Event "26. Erfurter Schachfestival 2016 - ST"]
[Site "Erfurt"]
[Date "2016.12.26"]
[Round "1.3"]
[White "Schulz, Uwe"]
[Black "Hüttemann, Karl-Heinz"]
[Result "0-1"]
[WhiteElo "1842"]
[BlackElo "2217"]
[PlyCount "64"]
[EventDate "2016.12.26"]
[EventCountry "GER"]

1. d4 d5 2. c4 e6 3. Nf3 Nf6 4. Nc3 Nbd7 5. g3 c6 6. Bg2 dxc4 7. O-O b5 8. Nd2
Nd5 9. e4 Nxc3 10. bxc3 Bb7 11. Rb1 Nb6 12. Qe2 Be7 13. d5 O-O 14. dxe6 fxe6
15. Rd1 Qe8 16. Qg4 Bc5 17. Nf3 e5 18. Be3 Bxe3 19. fxe3 Qe7 20. Qg5 Rfe8 21.
Bh3 h6 22. Qg6 Qf7 23. Qxf7+ Kxf7 24. Rd6 Bc8 25. Bxc8 Raxc8 26. Rbd1 Re6 27.
Nh4 g6 28. Rxe6 Kxe6 29. Nxg6 Na4 30. Rc1 Rd8 31. Nh4 Rd3 32. Nf5 Nxc3 0-1

[Event "26. Erfurter Schachfestival 2016 - ST"]
[Site "Erfurt"]
[Date "2016.12.26"]
[Round "1.4"]
[White "Kuhn, Gerd"]
[Black "Rauscher, Joachim"]
[Result "1-0"]
[WhiteElo "2117"]
[BlackElo "1813"]
[PlyCount "76"]
[EventDate "2016.12.26"]
[EventCountry "GER"]

1. d4 d5 2. Nf3 Nf6 3. c4 e6 4. Bf4 Be7 5. Nc3 O-O 6. e3 b6 7. cxd5 exd5 8. Rc1
c6 9. Ne5 Bb7 10. Bd3 Nbd7 11. O-O Rc8 12. g4 Nxe5 13. Bxe5 Bd6 14. f4 Qe7 15.
g5 Ne4 16. Nxe4 dxe4 17. Bxe4 Bxe5 18. dxe5 Rfd8 19. Qf3 g6 20. Bxc6 Ba6 21.
Rfd1 Rd3 22. Rxd3 Bxd3 23. Rc3 Bf5 24. e4 Be6 25. Bd5 Rd8 26. a3 b5 27. b4 a6
28. Rc5 a5 29. Qc3 axb4 30. axb4 Qa7 31. Qd4 Qa3 32. Qc3 Qa7 33. Kf1 Qa4 34.
Ke1 Bg4 35. Bb3 Qa8 36. Rd5 Rc8 37. Qb2 Qa7 38. Qd4 Qa8 1-0

[Event "26. Erfurter Schachfestival 2016 - ST"]
[Site "Erfurt"]
[Date "2016.12.26"]
[Round "1.5"]
[White "Loose, Helmut"]
[Black "Rüther, Rudolf"]
[Result "0-1"]
[WhiteElo "1812"]
[BlackElo "2109"]
[PlyCount "88"]
[EventDate "2016.12.26"]
[EventCountry "GER"]

1. d4 Nf6 2. c4 g6 3. Nc3 Bg7 4. e4 O-O 5. f3 d6 6. Be3 Nc6 7. a3 e5 8. d5 Ne7
9. Bd3 Nh5 10. Qd2 f5 11. Nge2 c6 12. O-O-O cxd5 13. Nxd5 Be6 14. Bg5 Nf6 15.
Nxe7+ Qxe7 16. Nc3 Rac8 17. Kb1 Qf7 18. Nd5 a6 19. Qb4 Bxd5 20. cxd5 Qd7 21.
Be3 fxe4 22. Bxe4 Nxe4 23. Qxe4 Bf6 24. h4 Qf5 25. Qxf5 gxf5 26. g3 Kf7 27. Rc1
Rg8 28. Rxc8 Rxc8 29. Rc1 Rxc1+ 30. Kxc1 Kg6 31. b3 Kh5 32. Bf2 e4 33. fxe4
fxe4 34. Kd2 Kg4 35. Ke3 Kf5 36. Be1 h5 37. a4 Bb2 38. Bb4 Ke5 39. Be1 Bd4+ 40.
Ke2 Kxd5 41. Bd2 Ke6 42. Bf4 Be5 43. Ke3 Bxf4+ 44. Kxf4 d5 0-1

[Event "26. Erfurter Schachfestival 2016 - ST"]
[Site "Erfurt"]
[Date "2016.12.26"]
[Round "1.6"]
[White "Albrecht, Ulrich"]
[Black "Lüders, Günter"]
[Result "1-0"]
[WhiteElo "2095"]
[BlackElo "1811"]
[PlyCount "65"]
[EventDate "2016.12.26"]
[EventCountry "GER"]

1. e4 c5 2. Nf3 Nc6 3. Bb5 g6 4. Bxc6 bxc6 5. O-O Bg7 6. d3 Nf6 7. Nc3 O-O 8.
Bf4 d6 9. h3 Ba6 10. Re1 e5 11. Bg5 h6 12. Be3 Qd7 13. Qd2 Kh7 14. Nh2 Ng8 15.
f4 f6 16. Nf3 Bc8 17. Ne2 Qe7 18. Ng3 Bd7 19. c3 Rab8 20. d4 cxd4 21. cxd4 Rb7
22. Rac1 exd4 23. Bxd4 c5 24. Bc3 Rfb8 25. Rcd1 Rb6 26. e5 Qf7 27. exd6 Bf8 28.
Qd5 Qxd5 29. Rxd5 Rxd6 30. Rxd6 Bxd6 31. Rd1 Rb6 32. Ne4 Bxf4 33. Rxd7+ 1-0

[Event "26. Erfurter Schachfestival 2016 - ST"]
[Site "Erfurt"]
[Date "2016.12.26"]
[Round "1.7"]
[White "Töpfer, Roland"]
[Black "Haase, Reinhard"]
[Result "0-1"]
[WhiteElo "1806"]
[BlackElo "2085"]
[PlyCount "51"]
[EventDate "2016.12.26"]
[EventCountry "GER"]

1. c4 e6 2. g3 d5 3. Bg2 Nf6 4. Nc3 Be7 5. e3 O-O 6. b3 a5 7. Nge2 c6 8. Bb2
Bd7 9. Qc2 b5 10. cxb5 cxb5 11. O-O b4 12. Nd1 a4 13. Rc1 axb3 14. axb3 Ra2 15.
Qc7 Bb5 16. Re1 Ne4 17. Nd4 Bd7 18. d3 Qxc7 19. Rxc7 Nc5 20. Bf1 Bd6 21. Rxd7
Nbxd7 22. Nb5 Be7 23. d4 Nxb3 24. Bd3 Nd2 25. Re2 Nc4 26. Bb1 0-1

[Event "26. Erfurter Schachfestival 2016 - ST"]
[Site "Erfurt"]
[Date "2016.12.26"]
[Round "1.8"]
[White "Muuss, Klaus"]
[Black "Teichmann, Axel"]
[Result "1-0"]
[WhiteElo "2084"]
[BlackElo "1780"]
[PlyCount "43"]
[EventDate "2016.12.26"]
[EventCountry "GER"]

1. e4 e5 2. Nf3 Nc6 3. Bb5 d6 4. d4 exd4 5. O-O Bd7 6. Bxc6 Bxc6 7. Nxd4 Be7 8.
Nc3 Bd7 9. Nd5 Nf6 10. Nxe7 Qxe7 11. Bg5 h6 12. Bh4 g5 13. Bg3 c5 14. Nf5 Bxf5
15. exf5 O-O-O 16. Re1 Qd7 17. Qd3 Rhe8 18. b4 Qc6 19. a4 Ne4 20. b5 c4 21. Qd4
Qc5 22. Rxe4 1-0

[Event "26. Erfurter Schachfestival 2016 - ST"]
[Site "Erfurt"]
[Date "2016.12.26"]
[Round "1.9"]
[White "Hülle, Gunter"]
[Black "Wünsch, Ulrich"]
[Result "1-0"]
[WhiteElo "1757"]
[BlackElo "2045"]
[PlyCount "59"]
[EventDate "2016.12.26"]
[EventCountry "GER"]

1. b4 Nf6 2. Bb2 d5 3. e3 e6 4. b5 Be7 5. Nf3 O-O 6. c4 c5 7. Be2 Nbd7 8. a4
dxc4 9. Na3 b6 10. Nxc4 Bb7 11. O-O Nd5 12. d4 Rc8 13. Nfe5 cxd4 14. Bxd4 Nxe5
15. Nxe5 Nc3 16. Bxc3 Rxc3 17. Bf3 Bxf3 18. Qxf3 Qc7 19. Nc6 Bd6 20. g3 a5 21.
Qe4 Rc5 22. Rac1 Re8 23. Rxc5 Bxc5 24. Rd1 g6 25. Rd2 h5 26. Qf3 Kg7 27. Qd1 e5
28. Rd7 Qc8 29. Qd5 Re6 30. Qxe6 1-0

[Event "26. Erfurter Schachfestival 2016 - ST"]
[Site "Erfurt"]
[Date "2016.12.26"]
[Round "1.10"]
[White "Werner, Bernd-Michael"]
[Black "Haase, Manfred"]
[Result "1-0"]
[WhiteElo "2043"]
[BlackElo "1756"]
[PlyCount "71"]
[EventDate "2016.12.26"]
[EventCountry "GER"]

1. e4 c5 2. c4 Nc6 3. g3 g6 4. Nc3 Bg7 5. Nge2 e5 6. d3 d6 7. Bg2 Nge7 8. O-O
O-O 9. a3 a6 10. Nd5 Nxd5 11. cxd5 Na7 12. Nc3 b5 13. b4 cxb4 14. axb4 Bb7 15.
Be3 Nc8 16. Qd2 Ne7 17. f4 f5 18. fxe5 Bxe5 19. Rac1 fxe4 20. dxe4 Rxf1+ 21.
Rxf1 Qc7 22. Ne2 Rf8 23. Rc1 Qd8 24. Nd4 Bc8 25. Nf3 Bf6 26. h4 Bg4 27. Bf4 Nc8
28. Nd4 Rf7 29. Nc6 Qd7 30. Kh2 Nb6 31. Na5 Nc8 32. Rc6 Be7 33. Rxa6 Qd8 34.
Nc6 Qd7 35. e5 dxe5 36. Nxe5 1-0

[Event "26. Erfurter Schachfestival 2016 - ST"]
[Site "Erfurt"]
[Date "2016.12.27"]
[Round "2.1"]
[White "Pähtz, Thomas"]
[Black "Muuss, Klaus"]
[Result "1-0"]
[WhiteElo "2365"]
[BlackElo "2084"]
[PlyCount "103"]
[EventDate "2016.12.26"]
[EventCountry "GER"]

1. e4 c5 2. Nf3 d6 3. d4 cxd4 4. Nxd4 Nf6 5. f3 g6 6. c4 Bg7 7. Nc3 Nc6 8. Be3
O-O 9. Qd2 a6 10. Nc2 Be6 11. Nd5 Bxd5 12. cxd5 Ne5 13. Be2 Rc8 14. Na3 h5 15.
O-O Kh7 16. h3 b5 17. b3 Qd7 18. Nc2 Qc7 19. Nd4 Qc3 20. Rac1 Qxd2 21. Bxd2 Bh6
22. Bxh6 Kxh6 23. Kf2 Rc5 24. b4 Rcc8 25. Ke3 Nfd7 26. f4 Nc4+ 27. Bxc4 bxc4
28. a4 Rfe8 29. Rfd1 e6 30. dxe6 fxe6 31. g4 e5 32. g5+ Kg7 33. Ne2 exf4+ 34.
Nxf4 Rc6 35. b5 axb5 36. axb5 Rb6 37. Rxc4 Nc5 38. Rxd6 Rxd6 39. Rxc5 Rd1 40.
Rc7+ Kg8 41. b6 Re1+ 42. Ne2 Rb1 43. b7 Kf8 44. Nf4 Rb6 45. Nd5 Rb3+ 46. Kf4
Rb1 47. Nf6 Rd8 48. Ke5 Rb5+ 49. Nd5 Re8+ 50. Kf6 Rxe4 51. Rc8+ Re8 52. Rxe8+
1-0

[Event "26. Erfurter Schachfestival 2016 - ST"]
[Site "Erfurt"]
[Date "2016.12.27"]
[Round "2.2"]
[White "Werner, Bernd-Michael"]
[Black "Weidlich, Günter"]
[Result "1-0"]
[WhiteElo "2043"]
[BlackElo "2219"]
[PlyCount "87"]
[EventDate "2016.12.26"]
[EventCountry "GER"]

1. e4 g6 2. g3 Bg7 3. Bg2 c5 4. Ne2 Nc6 5. c4 d6 6. Nbc3 e5 7. d3 Nge7 8. a3
O-O 9. O-O h6 10. Rb1 a5 11. h3 Rb8 12. Kh2 Kh7 13. Nb5 Ra8 14. Nec3 Be6 15.
Bd2 Qd7 16. Nd5 Bxd5 17. cxd5 Na7 18. Nc3 b5 19. b4 a4 20. h4 Rab8 21. h5 g5
22. Bh3 f5 23. exf5 Nxf5 24. Qg4 Kh8 25. Ne4 Qf7 26. Qxf5 Qxf5 27. Bxf5 Rxf5
28. Nxd6 Rf3 29. Be3 Rd8 30. bxc5 Bf8 31. Kg2 g4 32. Rfc1 Bxd6 33. cxd6 Nc8 34.
d7 Nd6 35. Rc7 Kg7 36. Rb4 Rf7 37. Rxg4+ Kh7 38. d4 exd4 39. Bxd4 Rdxd7 40.
Rxd7 Rxd7 41. Bc5 Nc4 42. d6 Rf7 43. Re4 Kg7 44. f4 1-0

[Event "26. Erfurter Schachfestival 2016 - ST"]
[Site "Erfurt"]
[Date "2016.12.27"]
[Round "2.3"]
[White "Hüttemann, Karl-Heinz"]
[Black "Kolodny, Leonid"]
[Result "1-0"]
[WhiteElo "2217"]
[BlackElo "1960"]
[PlyCount "78"]
[EventDate "2016.12.26"]
[EventCountry "GER"]

1. c4 c5 2. Nf3 Nf6 3. Nc3 e6 4. d4 cxd4 5. Nxd4 a6 6. e4 d6 7. Be2 Be7 8. Be3
O-O 9. O-O Bd7 10. Qd2 Nc6 11. Rfd1 Nxd4 12. Bxd4 Bc6 13. f3 Ne8 14. Qe3 Qc8
15. Rac1 e5 16. Bb6 Qe6 17. b4 h6 18. Rc2 Bd7 19. a4 Bg5 20. Qf2 Rc8 21. a5 Be7
22. Be3 Bc6 23. Rdc1 Bd7 24. Nd5 Bd8 25. Nb6 Rc6 26. Bf1 Be7 27. b5 Rc7 28.
bxa6 bxa6 29. c5 dxc5 30. Nd5 Rc6 31. Bxc5 Bxc5 32. Rxc5 Rxc5 33. Qxc5 Nd6 34.
Nc7 Qf6 35. Bxa6 Ne8 36. Bb7 Qd8 37. a6 Qb8 38. a7 Qxb7 39. a8=Q Qb2 1-0

[Event "26. Erfurter Schachfestival 2016 - ST"]
[Site "Erfurt"]
[Date "2016.12.27"]
[Round "2.4"]
[White "Waltenberger, Udo"]
[Black "Kuhn, Gerd"]
[Result "1-0"]
[WhiteElo "2037"]
[BlackElo "2117"]
[PlyCount "101"]
[EventDate "2016.12.26"]
[EventCountry "GER"]

1. g3 d5 2. Nf3 Bg4 3. Bg2 Nd7 4. d4 e6 5. Nbd2 Ngf6 6. O-O Be7 7. Re1 O-O 8.
e4 dxe4 9. Nxe4 Nxe4 10. Rxe4 Bf5 11. Re1 c6 12. c3 Qb6 13. Qb3 h6 14. Be3 Rfd8
15. Ne5 Qxb3 16. axb3 f6 17. Nc4 Nb6 18. Na5 Rd7 19. Nxb7 Rxb7 20. Bxc6 Rab8
21. Bf4 Nc8 22. Bxb8 Rxb8 23. Bd7 Nb6 24. Bxe6+ Bxe6 25. Rxe6 Kf7 26. Re2 Nc8
27. b4 Ke8 28. Ra6 Kd7 29. f4 Rb5 30. Kf2 Bd8 31. Ke3 Bb6 32. Kd3 Rd5 33. Kc4
Rf5 34. Kb3 Rd5 35. Rd2 Kc7 36. Ra1 Kb7 37. Re1 Rd7 38. d5 Bd8 39. c4 Ne7 40.
d6 Nf5 41. g4 Nh4 42. Re3 Ng6 43. Rd4 a6 44. c5 Kc6 45. Kc4 f5 46. gxf5 Nh4 47.
Ra3 Kb7 48. Kd5 Rf7 49. c6+ Kb6 50. c7 Bxc7 51. dxc7 1-0

[Event "26. Erfurter Schachfestival 2016 - ST"]
[Site "Erfurt"]
[Date "2016.12.27"]
[Round "2.5"]
[White "Rüther, Rudolf"]
[Black "Bocionek, Dieter"]
[Result "1-0"]
[WhiteElo "2109"]
[BlackElo "1939"]
[PlyCount "107"]
[EventDate "2016.12.26"]
[EventCountry "GER"]

1. d4 d5 2. Nf3 Nf6 3. c4 c6 4. Nc3 e6 5. Bg5 Nbd7 6. e3 Bb4 7. Rc1 Qa5 8. Bxf6
Nxf6 9. Qb3 O-O 10. Bd3 Bxc3+ 11. bxc3 Qd8 12. O-O Nd7 13. Qc2 f5 14. cxd5 cxd5
15. c4 Nb6 16. Ne5 dxc4 17. Bxc4 Nxc4 18. Qxc4 Bd7 19. Qc7 Bb5 20. Rfe1 Ba6 21.
Qxd8 Rfxd8 22. Rc7 Rac8 23. Rec1 b6 24. h4 Bb7 25. R1c4 Ba6 26. Rxc8 Rxc8 27.
Ra4 Bb7 28. Rxa7 Bd5 29. Ra6 b5 30. a3 g6 31. Kh2 Rc2 32. Kg3 Ra2 33. Ra5 Ra1
34. Rxb5 Rxa3 35. Rb8+ Kg7 36. Rd8 Ra7 37. f3 h6 38. Rd7+ Rxd7 39. Nxd7 Kf7 40.
Kf4 Ke7 41. Nb6 Bb7 42. Ke5 Ba6 43. e4 fxe4 44. fxe4 Bb5 45. g3 Be8 46. Nc8+
Kd8 47. Nd6 Bd7 48. Nf7+ Ke7 49. Nxh6 Bc6 50. Ng4 Be8 51. Ne3 Bf7 52. Ng2 Be8
53. Nf4 Bf7 54. g4 1-0

[Event "26. Erfurter Schachfestival 2016 - ST"]
[Site "Erfurt"]
[Date "2016.12.27"]
[Round "2.6"]
[White "Jaeger, Andre"]
[Black "Albrecht, Ulrich"]
[Result "1/2-1/2"]
[WhiteElo "1945"]
[BlackElo "2095"]
[PlyCount "53"]
[EventDate "2016.12.26"]
[EventCountry "GER"]

1. d4 d6 2. Nf3 Bg4 3. c4 c6 4. Qb3 Qb6 5. Qxb6 axb6 6. Nc3 Nd7 7. h3 Bxf3 8.
exf3 e6 9. Be2 d5 10. cxd5 exd5 11. O-O Bd6 12. Be3 Ngf6 13. f4 O-O 14. Bf3
Rfe8 15. Rfd1 b5 16. b3 Nb6 17. g4 Ba3 18. Bc1 Bxc1 19. Rdxc1 b4 20. Ne2 Ne4
21. Rc2 Ra3 22. Rd1 Rea8 23. Bxe4 dxe4 24. Ng3 Nd5 25. Nxe4 Nxf4 26. Nc5 Rxa2
27. Rxa2 1/2-1/2

[Event "26. Erfurter Schachfestival 2016 - ST"]
[Site "Erfurt"]
[Date "2016.12.27"]
[Round "2.7"]
[White "Haase, Reinhard"]
[Black "Prachar, Josef"]
[Result "1/2-1/2"]
[WhiteElo "2085"]
[BlackElo "1918"]
[PlyCount "48"]
[EventDate "2016.12.26"]
[EventCountry "GER"]

1. d4 g6 2. c4 Bg7 3. Nf3 d6 4. g3 e5 5. dxe5 dxe5 6. Qxd8+ Kxd8 7. Nc3 f6 8.
b3 Be6 9. Ba3 Nd7 10. O-O-O Kc8 11. Bg2 Nh6 12. h3 Nf7 13. Nd2 Bf8 14. Bxf8
Rxf8 15. Bd5 Nd8 16. Kb2 f5 17. e4 c6 18. Bxe6 Nxe6 19. exf5 gxf5 20. Nf3 Kc7
21. Nxe5 Nxe5 22. Rhe1 Nxc4+ 23. bxc4 Rae8 24. Re5 Ng5 1/2-1/2

[Event "26. Erfurter Schachfestival 2016 - ST"]
[Site "Erfurt"]
[Date "2016.12.27"]
[Round "2.8"]
[White "Wahl, Frithjof"]
[Black "Hülle, Gunter"]
[Result "1-0"]
[WhiteElo "1962"]
[BlackElo "1757"]
[PlyCount "65"]
[EventDate "2016.12.26"]
[EventCountry "GER"]

1. e4 e6 2. d4 d5 3. e5 c5 4. c3 Qb6 5. Nf3 Nc6 6. a3 c4 7. Be2 Na5 8. Nbd2 Bd7
9. O-O Rc8 10. Qc2 Nb3 11. Nxb3 Ba4 12. Qd2 Bxb3 13. Ne1 g6 14. f4 h5 15. Rf3
Bg7 16. Rh3 Nh6 17. Nf3 Ke7 18. Nh4 Rcg8 19. Kh1 Kd7 20. Bf3 Qd8 21. Qe2 Bf8
22. g3 Be7 23. Ng2 Nf5 24. Ne3 Nxe3 25. Bxe3 h4 26. g4 Qa5 27. Bf2 Qa4 28. Rc1
g5 29. f5 exf5 30. gxf5 f6 31. exf6 Bxf6 32. Qe6+ Kc7 33. Qxf6 1-0

[Event "26. Erfurter Schachfestival 2016 - ST"]
[Site "Erfurt"]
[Date "2016.12.27"]
[Round "2.9"]
[White "Just, Gabriele"]
[Black "Haag, Günter"]
[Result "0-1"]
[WhiteElo "1921"]
[BlackElo "1991"]
[PlyCount "50"]
[EventDate "2016.12.26"]
[EventCountry "GER"]

1. d4 d6 2. Bf4 Nc6 3. Nf3 Bg4 4. Nbd2 Nf6 5. e3 e5 6. dxe5 dxe5 7. Bg5 e4 8.
Bxf6 Qxf6 9. Nxe4 Qxb2 10. c3 Rd8 11. Qb1 Qxb1+ 12. Rxb1 Bf5 13. Nfd2 Rxd2 14.
Nxd2 Bxb1 15. Bc4 Ne5 16. Bb3 Bd3 17. f3 Bc5 18. Kf2 O-O 19. h3 Re8 20. Re1 Kf8
21. f4 Ng6 22. Kf3 Nh4+ 23. Kf2 Nf5 24. Bc4 Bxe3+ 25. Kf3 Bxd2 0-1

[Event "26. Erfurter Schachfestival 2016 - ST"]
[Site "Erfurt"]
[Date "2016.12.28"]
[Round "3.1"]
[White "Rüther, Rudolf"]
[Black "Pähtz, Thomas"]
[Result "0-1"]
[WhiteElo "2109"]
[BlackElo "2365"]
[PlyCount "80"]
[EventDate "2016.12.26"]
[EventCountry "GER"]

1. d4 Nf6 2. c4 d6 3. Nc3 Nbd7 4. e4 e5 5. d5 Nc5 6. Bd3 Nxd3+ 7. Qxd3 Be7 8.
Nge2 O-O 9. Ng3 c6 10. O-O cxd5 11. cxd5 a6 12. a4 Ne8 13. Be3 Bg5 14. Rfc1 g6
15. Rf1 Bd7 16. b4 Rc8 17. Rac1 Ng7 18. Nge2 Nh5 19. g3 Bh3 20. Rfe1 Bxe3 21.
Qxe3 Rc4 22. Na2 Qc7 23. f3 Bd7 24. Qb3 Rc8 25. Kf2 f5 26. Rxc4 Qxc4 27. Qxc4
Rxc4 28. Nec3 Nf6 29. Re2 fxe4 30. fxe4 Bg4 31. Re1 g5 32. Ke3 Bh5 33. h3 Bg6
34. Kf3 h5 35. g4 hxg4+ 36. hxg4 Kf8 37. Re2 Ke7 38. Re1 Rd4 39. Re3 Kd7 40. a5
Ke7 0-1

[Event "26. Erfurter Schachfestival 2016 - ST"]
[Site "Erfurt"]
[Date "2016.12.28"]
[Round "3.2"]
[White "Hüttemann, Karl-Heinz"]
[Black "Werner, Bernd-Michael"]
[Result "1/2-1/2"]
[WhiteElo "2217"]
[BlackElo "2043"]
[PlyCount "34"]
[EventDate "2016.12.26"]
[EventCountry "GER"]

1. c4 Nf6 2. Nc3 g6 3. g3 Bg7 4. Bg2 c6 5. e4 d6 6. Nge2 O-O 7. d4 e5 8. O-O a6
9. a4 a5 10. h3 h6 11. Be3 Na6 12. b3 Qe7 13. Qd2 Kh7 14. Rad1 Nd7 15. f4 f5
16. fxe5 dxe5 17. d5 Nb4 1/2-1/2